Statystyki dla Skoki narciarskie - skoczkowie

Kliknij tutaj aby rozwiązać quiz!

Ogólne statystyki

  • Ten quiz został rozwiązany 2 584 razy
  • Średni wynik to 10 z 15

Statystyki odpowiedzi

Odpowiedź% Poprawnych
Adam Małysz
94%
Maciej Kot
94%
Peter Prevc
92%
Noriaki Kasai
86%
Janne Ahonen
83%
Simon Ammann
77%
Severin Freund
69%
Gregor Schlierenzauer
67%
Thomas Morgenstern
63%
Anders Bardal
58%
Andreas Kofler
55%
Martin Schmitt
49%
Wolfgang Loitzl
31%
Roar Ljokelsoy
19%
Matti Hautamaki
18%

Rozkład punktacji

Percentyl według liczby udzielonych odpowiedzi

Procent ludzi z każdym wynikiem

Twoja historia wyników

Nie rozwiązałeś tego quizu